Polowanie na pisanki - Statystyki

Ogólne statystyki
  • Ten quiz został rozwiązany 6 545 razy
  • Średni wynik to 8 z 10
Odpowiedzi na mapie
Odpowiedzi zakodowano w zielono-czerwonej skali na mapie do tego quizu, zgodnie z poniższymi procentami.
 
Statystyki odpowiedzi
Państwo % Poprawnych
Turcja
98%
Wielka Brytania
98%
Holandia
91%
Republika Południowej Afryki
91%
Kenia
86%
Wietnam
86%
Kolumbia
85%
Algieria
72%
Palau
59%
Antigua i Barbuda
54%
Nie znaleziono quizów pasujących do podanych kryteriów
Rozkład punktacji
Procent ludzi z każdym wynikiem
Percentyl według liczby udzielonych odpowiedzi
Twoja historia wyników
Nie rozwiązałeś tego quizu